000 00585nam a2200169 a 4500
001 000034616
005 20200930073811.0
008 111010s2007 ag 000 0 spa d
020 _a9789870006794
040 _aDO-SdBNP
_bspa
_cBNPHU
082 _axxxx
_bQ78d
100 1 _aQuintero Velásquez, Angela María
_960059
245 1 0 _aDiccionario especializado en familia y género. /
_cAngela María Quintero Velásquez.
260 _aBuenos Aires :
_bLumen Humanista,
_c2007.
300 _a174 p. ;
_c22 cm.
500 _aIncluye referencias bibliográficas y notas al pie de las páginas
999 _c34107
_d34107